| 000 | 00803nam a2200253Ia 4500 | ||
|---|---|---|---|
| 003 | OSt | ||
| 005 | 20220918171128.0 | ||
| 006 | a|||||r|||| 00| 0 | ||
| 007 | ta | ||
| 008 | 220917b |||||||| |||| 00| 0 eng d | ||
| 020 |
_a9781316612934 (pbk) _c600 |
||
| 024 | _a289,568 | ||
| 037 |
_b247, 28/03/2016, Excel Book International _cTextual |
||
| 040 |
_aARTS _cARTS _beng |
||
| 041 |
_2eng _aeng |
||
| 082 | _aO111944,3v, Q5 | ||
| 100 |
_aAnjaria Ulka Ed. _934330 |
||
| 245 | 0 | _aHistory of the indian novel in English | |
| 260 |
_aCambrige _bCambridge University Press India _c2015 |
||
| 300 |
_axvii, 430p. _ccm. |
||
| 650 | _aENGLISH LITERATURE | ||
| 942 |
_hO111944,3v, Q5 _cTEXL _2CC |
||
| 999 |
_c138000 _d138000 |
||